000 01451nam a2200373 i 4500
001 194724
003 SpMaBN
005 20250716034707.0
007 ta
008 240514s1933 sp | |||| 000 j spa
035 _a(OCoLC)868864084
035 _aa4721138
040 _aSpMaBN
_bspa
_cSpMaBN
_erdc
_dES-MaACL
080 _a821.111-32"18"
100 0 _aStevenson, Robert Louis,
_d1850-1894
_0XX900250
_9108169
245 1 3 _aEl club de los suicidas :
_b(novela policíaca) /
_cpor R. L. Stevenson.
260 _aMadrid
_bRevista Literaria "Novelas y cuentos"
_c1933
300 _a23 p.
_c30 cm
336 _2rdacontent
_atexto
337 _2rdamedia
_asin mediación
338 _2rdacarrier
_avolumen
490 1 _aRevista literaria "Novelas y cuentos" ;
_vaño 5, n. 218
500 _aIncluye, Una excursión en cometa de Mark Twain
500 _aTraducción de: The suicide club
655 0 _9233840
_aNovelas policiacas
773 _aObras encuadernadas juntas
_gG-15980
_0194566
_9202192
830 0 _aRevista literaria "Novelas y cuentos"
_vaño 5, n. 218
_9236217
852 _aES-MaACL
_cDEPO2
_jG-15980(13)
_xEncuadernado con otras obras formando un volumen facticio
_9202192
_hLegado: Juan Antonio Porto
903 _993285
_aPorto, Juan Antonio,
_q1
_d1937-2021
_ednr
942 _n0
_cFOLLETOS
999 _c194724
_d194724